| Tag |
First Indicator |
Second Indicator |
Subfields |
| LEADER |
00000cam a22000004a 4500 |
| 001 |
in00001558430 |
| 005 |
20151022072338.0 |
| 008 |
991122s2000 enk b 001 0 eng |
| 010 |
|
|
|a 99059515
|
| 015 |
|
|
|a GBA0-30636
|
| 020 |
|
|
|a 0471966592
|
| 035 |
|
|
|a (OCoLC)ocm42888163
|
| 040 |
|
|
|a DLC
|c DLC
|d UKM
|d C#P
|d TXA
|d UtOrBLW
|
| 042 |
|
|
|a pcc
|
| 049 |
|
|
|a TXAM
|
| 050 |
0 |
0 |
|a HD4928.S74
|b C37 2000
|
| 082 |
0 |
0 |
|a 658.3/225
|2 21
|
| 100 |
1 |
|
|a Casson, Peter.
|
| 245 |
1 |
0 |
|a Company share options /
|c Peter Casson.
|
| 264 |
|
1 |
|a Chichester, West Sussex, UK ;
|a New York :
|b Wiley,
|c [2000]
|
| 264 |
|
4 |
|c ©2000
|
| 300 |
|
|
|a xiii, 220 pages ;
|c 24 cm.
|
| 336 |
|
|
|a text
|b txt
|2 rdacontent
|
| 337 |
|
|
|a unmediated
|b n
|2 rdamedia
|
| 338 |
|
|
|a volume
|b nc
|2 rdacarrier
|
| 504 |
|
|
|a Includes bibliographical references (pages [203]-212) and index.
|
| 650 |
|
0 |
|a Employee stock options.
|
| 650 |
|
0 |
|a Employee ownership.
|
| 650 |
|
0 |
|a Pensions.
|
| 994 |
|
|
|a E0
|b TXA
|
| 948 |
|
|
|a cataloged
|b h
|c 2000/9/25
|d c
|e bwalker
|f 6:29:24 am
|
| 999 |
|
|
|a MARS
|
| 999 |
f |
f |
|s d57cd60b-75f4-3d3c-9ff0-bd19bb701b92
|i 32e2458d-e503-3616-a9a3-ed95bc82d5d3
|t 0
|
| 952 |
f |
f |
|p ric
|a Texas A&M University
|b Rellis Campus
|c Joint Library Facility
|d Remote Storage
|t 0
|e HD4928.S74 C37 2000
|h Library of Congress classification
|i unmediated -- volume
|m A14826587085
|
| 998 |
f |
f |
|a HD4928.S74 C37 2000
|t 0
|l Remote Storage
|